000 00895nam a2200301 a 4500
001 000917138
003 TR-AnTOB
005 20260316170932.0
008 111020s2010 tu g a000 p tur
020 _a9786056162800
035 _aNLT01
040 _aTuAnMK
_beng
_cTR-AnTOB
_dTR-AnTOB
_erda
041 _atur
050 _aPL219
_b.G87 2010
090 _aPL219
_b.G87 2010
100 1 _aGürcan, Servet,
_d1949-
_eauthor
_9152974
245 1 0 _aAşk imiş :
_bşiirler /
_cServet Gürcan.
250 _a1. bs.
264 1 _aAnkara :
_bServet Gürcan,
_c2010.
300 _a127 pages ;
_c20 cm
336 _atext
_btxt
_2rdacontent
337 _aunmediated
_bn
_2rdamedia
338 _avolume
_bnc
_2rdacarrier
590 _aTuba Işınsu İsen Durmuş tarafından bağışlanmıştır.
650 7 _aTürk şiiri
_2etuturkob
_984273
942 _2lcc
_cBK
999 _c200427237
_d45161